Statistiken für Grand-Slam-Sieger im Tennis (Herren)

Klicken Sie hier um das Quiz zu spielen!

Allgemein

  • Dieses Quiz wurde 1,405 mal gespielt
  • Das Durchschnittsergebnis liegt bei 18 aus 54

Antwortstatistiken

# Tennisspieler % Korrekt
20Roger Federer
96%
19Rafael Nadal
91%
6Boris Becker
91%
16Novak Djokovic
86%
8Andre Agassi
72%
3Andy Murray
68%
11Björn Borg
64%
14Pete Sampras
62%
7John McEnroe
60%
3Stan Wawrinka
54%
1Michael Stich
54%
8Ivan Lendl
50%
6Stefan Edberg
42%
1Juan Martín del Potro
39%
5Rod Laver
37%
1Michael Chang
36%
7Mats Wilander
36%
8Jimmy Connors
36%
1Thomas Muster
35%
1Marin Čilić
33%
2Lleyton Hewitt
32%
1Andy Roddick
31%
4Jim Courier
30%
1Goran Ivanišević
30%
3Gustavo Kuerten
29%
2Marat Safin
27%
3Arthur Ashe
26%
1Yannick Noah
25%
2Patrick Rafter
23%
2Jewgeni Kafelnikow
22%
2Ilie Năstase
22%
1Pat Cash
22%
1Juan Carlos Ferrero
21%
1Carlos Moya
20%
4Guillermo Vilas
20%
5John Newcombe
18%
2Sergi Bruguera
16%
1Albert Costa
15%
1Gastón Gaudio
15%
1Richard Krajicek
15%
2Stan Smith
15%
1Vitas Gerulaitis
14%
1Thomas Johansson
14%
1Petr Korda
14%
1Andrés Gómez
13%
1Roscoe Tanner
13%
2Johan Kriek
13%
4Ken Rosewall
12%
1Adriano Panatta
10%
3Jan Kodeš
10%
1Manuel Orantes
9%
1Brian Teacher
7%
1Mark Edmondson
6%
1Andrés Gimeno
6%

Verteilung der Resultate

Perzentil nach korrekt beantworteten Fragen

Anzahl Personen mit jedem Resultat

Ihre Resultats-Entwicklung

Sie haben dieses Quiz noch nicht gespielt